000 00417nam a2200193Ia 4500
008 160606s9999 xx 000 0 und d
041 _aEnglish
082 _a810
084 _aS-10 B
100 _aHEMINGWAY, Earnest
245 _aMoveable Feast
245 _cHEMINGWAY, Earnest
250 _a1st Ed.
260 _bArrow Books
260 _c2004
300 _a126 Pages
365 _aRs. 50
942 _cBK
999 _c23820
_d23820